000 00417cam a2200169 4500
001 D13921
008 090401t1898 xxu||||| |||| 00| 0 eng d
035 _a(Sirsi) u12323
041 _aeng
100 _aSmith, Henry Herbert
245 4 _aThe principles of landed estate management
260 _aLondon
_bEdward Arnold
_c1898
350 _a0
520 _aShelf 135; 2nd copy
942 _n0
948 _c04/03/1997
999 _c86976
_d86976